Novela zákona o zaměstnanosti.

Cieľom druhej novelizácie zákona o zamestnanosti č. 1/1991 Zb., bolo podporenie trhu práce a aktívnej politiky zamestnanosti a sociálnej politiky vlády. Zmeny v oblasti sprostredkovania zamestnania, zamestnávania utečencov, v čiastočnej nezamestnanosti a povinností zamestnávateľa vo vzťahu k trhu pr...

Descrizione completa

Salvato in:
Dettagli Bibliografici
Autore principale: Jouza, L.
Natura: Capitolo di libro
Lingua:ceco
Soggetti:
Tags: Aggiungi Tag
Nessun Tag, puoi essere il primo ad aggiungerne!!

MARC

LEADER 00000naa a2200000 4500
001 r010264
005 20220831084528.0
041 0 |a cze 
044 |a [CS] 
245 1 0 |a Novela zákona o zaměstnanosti.  |c L. Jouza 
520 |a Cieľom druhej novelizácie zákona o zamestnanosti č. 1/1991 Zb., bolo podporenie trhu práce a aktívnej politiky zamestnanosti a sociálnej politiky vlády. Zmeny v oblasti sprostredkovania zamestnania, zamestnávania utečencov, v čiastočnej nezamestnanosti a povinností zamestnávateľa vo vzťahu k trhu práce. 
610 2 0 |a zamestnanosť 
610 2 0 |a zákony 
610 2 0 |a ČSFR 
610 2 0 |a 1991 
610 2 0 |a trh práce 
610 2 0 |a politika sociálna 
610 2 0 |a nezamestnanosť 
610 2 0 |a zamestnávatelia 
100 1 |a Jouza, L.